কাভারিং ইসলাম / (Record no. 6270)
[ view plain ]
| 000 -LEADER | |
|---|---|
| fixed length control field | 00875nam a22002537a 4500 |
| 001 - CONTROL NUMBER | |
| JCCL Control Number | 6270 |
| 003 - CONTROL NUMBER IDENTIFIER | |
| JCCL marc code | BD-JhCC |
| 005 - DATE AND TIME OF LATEST TRANSACTION | |
| control field | 20180118174604.0 |
| 008 - FIXED-LENGTH DATA ELEMENTS--GENERAL INFORMATION | |
| fixed length control field | 180118s2006 xxu |||| |||| 00| 0 ben d |
| 020 ## - INTERNATIONAL STANDARD BOOK NUMBER | |
| International Standard Book Number | 9843218960 |
| 035 ## - SYSTEM CONTROL NUMBER | |
| system control number | (BD-JhCC)6270 |
| 040 ## - CATALOGING SOURCE | |
| Original cataloging agency | BD-JhCC |
| Modifying agency | BD-JhCC |
| 041 ## - LANGUAGE CODE | |
| Language code of Book | eng |
| 082 ## - DEWEY DECIMAL CLASSIFICATION NUMBER | |
| Classification number | 909.0976771 |
| Author mark and Year | SAI 2006 |
| 100 ## - MAIN ENTRY--PERSONAL NAME | |
| Personal name | সাঈদ, এডওয়ার্ড ডাব্লউ |
| 245 ## - TITLE STATEMENT | |
| Title | কাভারিং ইসলাম / |
| Statement of responsibility, etc | এডওয়ার্ড ডাব্লউ সাঈদ অনুবাদ ফয়েজ আলম |
| 260 ## - PUBLICATION, DISTRIBUTION, ETC. (IMPRINT) | |
| Place of publication, distribution, etc | ঢাকা : |
| Name of publisher, distributor, etc | মাওলা ব্রাদার্স, |
| Date of publication, distribution, etc | ২০০৬. |
| 300 ## - PHYSICAL DESCRIPTION | |
| Pagination | ১৯৬ পৃ. : |
| Dimensions | ২২ সেমি. |
| 504 ## - BIBLIOGRAPHY, ETC. NOTE | |
| Bibliography, etc | Includes Bibliography |
| 650 ## - SUBJECT ADDED ENTRY--TOPICAL TERM | |
| Topical term or geographic name as entry element | Islam |
| Geographic subdivision | Public Opinion |
| 700 ## - ADDED ENTRY--PERSONAL NAME | |
| Personal name | ফয়েজ আলম |
| 942 ## - ADDED ENTRY ELEMENTS (KOHA) | |
| Source of classification or shelving scheme | Dewey Decimal Classification |
| Koha item type | Books |
| Source of classification or shelving scheme | Damaged status | Not for loan | Home library | Current library | Shelving location | Date of accession | Cost, normal purchase price | Total Checkouts | Full call number | Barcode | Date last seen | Copy number | Koha item type |
|---|---|---|---|---|---|---|---|---|---|---|---|---|---|
| Dewey Decimal Classification | JCC Rouf Library | JCC Rouf Library | General Stacks | 01/18/2018 | 200.00 | 909.0976771 SAI 2006 | 574 | 01/18/2018 | C-1 | Books |